Gravitace /

Hlavní autor: Gerritsen, Tess, 1953-
Další autoři: Rek, Jaroslav
Jazyk: Čeština
Vydáno: Praha : Knižní klub, 2014
Vydání: Vyd. 2.
Témata:
Fyzický popis: 372 s. ; 21 cm
Knihy
Uloženo v:
LEADER 01430nam a2200433 a 4500
001 nkc20142573970
003 CZ PrNK
005 20140724131955.0
007 ta
008 140707s2014 xr g 000 f cze
015 |a cnb002573970 
020 |a 978-80-242-4456-3  |q (váz.) 
035 |a (OCoLC)886602234 
040 |a BOA001  |b cze  |d OLA001 
041 1 |a cze  |h eng 
072 7 |a 821.111(73)-3  |x Americká próza  |2 Konspekt  |9 25 
080 |a 821.111(73)-31  |2 MRF 
080 |a (0:82-311.9)  |2 MRF 
080 |a (0:82-312.4)  |2 MRF 
100 1 |a Gerritsen, Tess,  |d 1953-  |7 xx0004638  |4 aut 
245 1 0 |a Gravitace /  |c Tess Gerritsenová ; [přeložil Jaroslav Rek] 
250 |a Vyd. 2. 
260 |a Praha :  |b Knižní klub,  |c 2014 
300 |a 372 s. ;  |c 21 cm 
500 |a Přeloženo z angličtiny 
655 7 |a americké romány  |7 fd131796  |2 czenas 
655 7 |a vědecko-fantastické romány  |7 fd133847  |2 czenas 
655 7 |a thrillery (romány)  |7 fd184206  |2 czenas 
655 9 |a American fiction  |2 eczenas 
655 9 |a science fiction novels  |2 eczenas 
655 9 |a thrillers (novels)  |2 eczenas 
700 1 |a Rek, Jaroslav  |7 jn20001005386  |4 trl 
765 0 |t Gravity  |9 Česky 
910 2 |a BOA001  |b 2-1257.583 
928 9 |a Euromedia Group - Knižní klub 
990 |a BK 
995 |a 01 
991 |b 201407  |c NOV  |e b 
996 6 |b 2610596815  |c 2-1257.583  |l MZK  |r Sklad / do 1 hodiny  |n 0  |p p.v.  |w 001435691  |u 000010  |a 1  |e BOA001  |j MZK50  |s P